[Event "Gibraltar Masters 14th"]
[Site "Caleta"]
[Date "2016.01.27"]
[Round "2"]
[White "Vachier Lagrave, Maxime"]
[Black "Gunina, Valentina"]
[Result "1-0"]
[WhiteElo "2785"]
[BlackElo "2496"]
[Annotator "Roiz,M"]
[PlyCount "67"]
[EventDate "2016.01.26"]
[EventType "swiss"]
[EventRounds "10"]
[EventCountry "GGB"]
[SourceTitle "CBM 171"]
[Source "ChessBase"]
[SourceDate "2016.03.14"]
[SourceVersion "2"]
[SourceVersionDate "2016.03.14"]
[SourceQuality "1"]

1. Nf3 d5 2. g3 c6 3. Bg2 Bg4 4. O-O e6 5. h3 Bh5 6. d4 Nd7 7. c4 {This
theoretical line is almost unexplored, but Maxime has already tried it before.}
Be7 $5 {Valentina comes up with an original move order in order to limit
White's active possibilities on the kingside.} ({A somewhat more natural move
here is} 7... Ngf6 {, but Black was unable to solve all the problems in the
following encounter:} 8. cxd5 exd5 (8... cxd5 $5 9. Nc3 Bd6 10. Qb3 Qb6 11.
Qxb6 Nxb6 12. Nb5 Bb8 13. g4 Bg6 {Erdos,V (2651)-Berczes,D (2482)/Zalakaros
2014, looked solid for Black.}) 9. Nh4 $1 Ne4 ({Possibly,} 9... Be7 $5 {
was preferable.}) 10. Nc3 Nd6 11. Bf4 $14 {Vachier Lagrave,M (2754)-Sokolov,I 
(2623)/Montpellier FRA 2015}) ({In the event of} 7... dxc4 {White should be
able to regain the pawn and get some space advantage:} 8. Qc2 (8. Nbd2 $5) 8...
Nb6 9. Nbd2 Bg6 10. Qc3 Nf6 11. Ne5 Nfd5 12. Qf3 Qf6 13. Ndxc4 Qxf3 14. Bxf3
Nxc4 15. Nxc4 $14 {Minasian,A (2555)-Motylev,A (2634)/Dubai 2003}) 8. cxd5 exd5
9. Nc3 Ngf6 (9... Bxf3 $5 {looks like a concession, but it would be not easy
for White to open up the position and use the power of bishops after} 10. Bxf3
Ngf6 $132) 10. Nh4 {A natural novelty. Maxime uses the same approach as in his
game vs Sokolov, but here the situation is more comfortable for Black.} ({
The previously played} 10. Ne5 {shoud be met by} Nxe5 (10... Bg6 11. f4 Be4 12.
Nxe4 Nxe4 13. Bxe4 dxe4 14. Qb3 $14 {Zigura,O (2310)-Lacrosse,M (2230)/Massy
1993}) 11. dxe5 Nd7 12. f4 f5 13. Be3 Bc5 $132 {with a very complex
strategical battle.}) 10... O-O 11. f4 (11. g4 $5 {deserved serious attention:}
Bg6 12. Nxg6 hxg6 13. f3 c5 14. e3 {intending to put pressure on the Pd5 in
future.}) 11... Ne4 $6 {The pseudo-aggressive move invites troubles.} ({
More to the point was} 11... Ne8 12. Nf5 Bb4 13. g4 Bg6 $132) 12. Nf5 ({
Another way to refute Black's idea is} 12. Bxe4 $5 dxe4 ({The natural-looking} 
12... Bxh4 $2 {turns out to be a blunder:} 13. Bb1 $1 Bxg3 14. Qd3 $18) 13. Nf5
Bb4 14. Ne3 Bxc3 15. bxc3 f5 16. c4 $14 {with a stable positional advantage.})
12... Nxc3 13. bxc3 f6 14. Qb3 Nb6 15. e4 Re8 ({The bishop's transfer to c4
wouldn't solve the problems:} 15... Be2 16. Re1 Bc4 17. Qb1 Re8 18. Ne3 $14)
16. g4 Bf7 17. Nxe7+ $2 {A wrong decision - any simplifications definitely
suit Black here, as her pieces lack space. In addition, Black gets full
control over the c4-spot.} ({A much stronger move was} 17. e5 $1 Bf8 18. Ne3 c5
19. a4 $36) 17... Qxe7 18. e5 Nc4 ({It was also possible to release the
tension immediately:} 18... fxe5 19. fxe5 (19. dxe5 d4 20. Qb4 Qxb4 21. cxb4
Rad8 {is very double-edged}) 19... Nc4 20. a4 Bg6 21. Ra2 Rf8 22. Raf2 Rxf2 23.
Rxf2 Rf8 $11) 19. Qc2 ({Maxime could have changed the character of play by
means of} 19. exf6 Qxf6 $1 (19... gxf6 20. f5 $14) 20. Qxb7 {, but it looks
like Black should be OK in this case. For instance,} Rab8 21. Qxa7 Ra8 22. Qd7
Re7 23. g5 Rxd7 24. gxf6 gxf6 $44) 19... fxe5 20. dxe5 {The position becomes
very sharp - White's chances are definitely connected with an attack on the
kingside, while Black's counter-play is based on advancing the central pawns.}
Rad8 21. Qf2 c5 22. Re1 Qc7 23. f5 $5 {Accordingly to his style, Maxime is
ready to sac a pawn in order to seize the initiative.} (23. Be3 {promised
nothing special:} d4 24. cxd4 Nxe3 25. Rxe3 cxd4 26. Rd3 g5 $1 $132) 23... Rxe5
24. Bf4 Rxe1+ 25. Rxe1 Qa5 $2 {A careless move - it was necessary to keep the
queen closer to the k-side.} ({More to the point was} 25... Nd6 $1 26. Qh4 Qb6
27. Re7 Re8 28. Qe1 c4+ 29. Kh2 Ne4 $11 {simplifying matters.}) 26. Qg3 $2 {
Returning the favour.} ({There was no reason for rejecting} 26. Re7 $1 Qxc3 27.
Qxc5 Qf6 28. Rxb7 $16 {with a powerful initiative.}) 26... Qxa2 27. Bg5 ({
Now the rook's penetration isn't that effective:} 27. Re7 d4 $1 28. Bg5 (28.
Rxb7 Ne3 29. Bxe3 dxe3 30. Qxe3 h6 $11) 28... Rc8 29. Bxb7 Rf8 30. Rxf7 Qb1+
31. Kg2 Qc2+ {leads to perpetual.}) 27... Rc8 28. f6 gxf6 29. Bxf6 Qd2 $1 {
The vulnerablity of White's king offers Black sufficient counterplay now.} 30.
g5 (30. Re7 d4 31. Bxb7 Ne3 32. Qf2 (32. Bxc8 $4 Qd1+ 33. Kh2 Nf1+ $19) 32...
Qc1+ 33. Kh2 Nf1+ 34. Kg2 Ne3+ 35. Kg3 Nf1+ $11) 30... Nd6 $4 {Finally
Valentina can no longer withstand the pressure.} ({It was crucial to limit
White's attacking potential:} 30... Re8 $1 31. Rxe8+ Bxe8 {and there is
nothing better than} 32. Qc7 Qe3+ 33. Kh2 Bf7 34. Qxb7 Qf4+ 35. Kh1 Qc1+ $11)
31. g6 $1 {This nice tactical resource decides the game on the spot.} Bxg6 (
31... hxg6 32. Qh4 $18) 32. Qe5 $18 Rf8 (32... Bf7 33. Re2 Qd1+ 34. Kh2 $18)
33. Bxd5+ Nf7 34. Bg5 1-0

[Event "MK Cafe Cup-A"]
[Site "Koszalin"]
[Date "1998.08.08"]
[Round "6"]
[White "McNab, Colin Anderson"]
[Black "Rozentalis, Eduardas"]
[Result "0-1"]
[WhiteElo "2445"]
[BlackElo "2575"]
[Annotator "Rozentalis,E"]
[PlyCount "102"]
[EventDate "1998.08.03"]
[EventType "swiss"]
[EventRounds "10"]
[EventCountry "POL"]
[SourceTitle "CBM 065 Extra"]
[Source "ChessBase"]
[SourceDate "1998.09.09"]
[SourceVersion "1"]
[SourceVersionDate "1998.09.09"]
[SourceQuality "1"]

1. Nf3 d5 2. g3 c6 3. Bg2 Nf6 4. d3 Bg4 5. h3 Bxf3 6. Bxf3 Nbd7 7. Nd2 e6 8. e4
Bc5 9. Qe2 Qc7 10. c3 $6 (10. Nb3) 10... dxe4 $1 11. dxe4 Ne5 {[%csl Yd3,Rf3]
xd3;f3} 12. Nc4 Nxc4 13. Qxc4 Nd7 $11 {[%csl Ye5] xe5} 14. Bf4 (14. O-O $2
Qxg3+) 14... Bd6 15. Bxd6 Qxd6 16. Qd4 Qxd4 17. cxd4 c5 18. dxc5 $6 {Loosing
time. 18.0-0-0 was better, as now black pieces are better developed and
therefore the knight obtains some squares for penetration. In some cases e6-e5
also can be possible fixing the e4 pawn.} (18. O-O-O $142) 18... Nxc5 19. O-O
Ke7 $15 20. b4 (20. e5 Rac8 21. Rac1 b6) 20... Nd3 21. Be2 Rhd8 22. Rfd1 Ne5
23. a3 Rxd1+ 24. Rxd1 Rc8 25. f4 Rc2 26. fxe5 {Probably the best chance, as
the normal 26. Bb5 Nf3; or 26. Kf2 Nc4 give black an easy job.} (26. Bb5 Nf3+
$11) (26. Kf2 Nc4 $11) 26... Rxe2 27. Rc1 Kd7 28. Rf1 Ke8 29. Rc1 {A strange
position. Black's rook is on the 2-nd rank, and white's pawns are very weak.
But he has his own counterplay, so black has not an easy task.} Re3 $1 {
The pawns e4 and e5 can wait.} 30. Kf2 Rxa3 31. Rc8+ Kd7 32. Rf8 Ke7 33. Rb8 g5
$3 {The main idea. The king escapes to king'side. Black fixes weak pawns on g3,
h3. In spite of equal material on the board, white is loosing as after swaping
queen side pawns he is not able to protect king side weaknesses.} 34. Rxb7+ Kf8
35. Rb8+ Kg7 36. Ra8 h5 37. h4 {Probably premature. But sooner or later white
would have to play h4 or g4, fixing its own weakness.   For instance:} (37. b5
Ra5 38. Ke3 Rxb5 39. Rxa7 Rxe5 40. Kf3 Rb5 41. Ra3 Kf6 42. Rc3 Rb2 {[%cal
Gb2h2]}) 37... g4 38. b5 Rf3+ 39. Ke2 Rb3 40. Rxa7 Rxb5 41. Ke3 Rb3+ $1 {
Again the e-pawns can wait! Due to the weakness on g3, black can push white
king out of the center first.  Now 42. Kf4 is bad , because of} 42. Kf2 (42.
Kf4 $2 Rf3+ $1 (42... Kg6 $4 43. Ra3 $1 Rb2 44. Rd3 $11)) 42... Rb2+ 43. Kf1 (
43. Ke3 Rg2 44. Kf4 Kg6 $19 {[%cal Gg2f2]}) 43... Rb4 44. Kf2 Rxe4 {Finally.
E5 is also falling.} 45. Ra5 Kg6 46. Rb5 Ra4 47. Rc5 Ra2+ 48. Kf1 Ra3 49. Kg2
Rf3 50. Rc7 (50. Rc2 Rf5 51. Re2 Kg7 {[%cal Yg7f8,Yf8e7,Ye7d7,Yd7c6,Yc6d5] the
king comes to d5 and black wins.}) 50... Rf5 51. Rc5 f6 0-1

[Event "Candidates Tournament"]
[Site "Moscow"]
[Date "2016.03.19"]
[Round "7"]
[White "Karjakin, Sergey"]
[Black "Aronian, Levon"]
[Result "1/2-1/2"]
[WhiteElo "2760"]
[BlackElo "2786"]
[Annotator "Sadorra,J"]
[PlyCount "61"]
[EventDate "2016.03.11"]
[EventType "tourn"]
[EventRounds "14"]
[EventCountry "RUS"]
[EventCategory "22"]
[SourceTitle "CBM 172"]
[Source "ChessBase"]
[SourceDate "2016.05.12"]
[SourceVersion "1"]
[SourceVersionDate "2016.05.12"]
[SourceQuality "1"]

{In this game, a top player employs an interesting idea that could very well
take the sting out of the venomous King's Indian Attack. While there's still
plenty of room for exploration here, I have given a summary of the recent
ideas tried up until April 2016 and shown paths of improvement for the Black
side.} 1. Nf3 Nf6 2. g3 d5 3. Bg2 e6 4. O-O Be7 5. d3 O-O 6. Nbd2 a5 $5 {
A surprise for Sergey as Levon has always played Nc6 in his recent games
including against Sergey himself. Black's idea is to quickly weaken White's
queenside first before deciding how to arrange his pieces.} (6... Nc6 7. e4 (7.
d4 b6 8. b3 Bb7 9. Bb2 Na5 10. Ne5 c5 $11 {1-0 (87) Rapport,R (2649)-Aronian,L
(2765) Munich GER 2016, with a comfortable game}) 7... dxe4 8. dxe4 e5 9. c3 a5
10. Qc2 Be6 11. Ng5 Bd7 12. Rd1 Ng4 $1 13. Ngf3 Bc5 14. Rf1 {White has lost
many tempi while Black has significantly improved his pieces} Qc8 $1 {aimed
against h2-h3:} 15. a4 h6 (15... Be6 $5 16. h3 Nf6 17. Ng5 Bd7 18. Kh2 h6 19.
Ngf3 Be6 $15) 16. Nc4 Be6 17. Qe2 b6 {0-1 (66) Karjakin,S (2760)-Aronian,L 
(2777) Zurich SUI 2015, Black has obtained a comfortable game, and even won in
the end.}) 7. e4 ({In one of the recent games in this line, White tried to
stop the a-pawn at once:} 7. a4 Nc6 $5 {going back to Aronian's Nc6 system in
the hopes of taking advantage of the fact that White has played a4 instead of
a different useful move.} (7... c5 8. e4 Nc6 {is also possible}) 8. Re1 e5 9.
e4 dxe4 10. Nxe4 (10. dxe4 Bc5 $1 {is a better version of the 2015
Karjakin-Aronian game above.}) 10... Nxe4 11. Rxe4 Bf5 12. Re1 e4 $5 (12... Qd6
{keeping the tension could give Black room to fight for more.}) 13. dxe4 Qxd1
14. Rxd1 Bxe4 $11 15. c3 Bd6 16. Be3 Rfe8 17. Nd2 Bc2 18. Rdc1 Bd3 19. b3 Rab8
20. Nc4 Bxc4 21. bxc4 Rxe3 22. fxe3 Ne5 {1/2-1/2 (22) Markus,R (2647)
-Svetushkin,D (2561) Skopje MKD 2016}) 7... a4 8. a3 ({Recently, the
open-minded and imginative GM Rapport has also tried to ignore Black's
pawn-push:} 8. Re1 a3 9. e5 axb2 10. Bxb2 Nfd7 11. Nd4 (11. a4 Nc5 12. a5 Bd7
13. Bd4 Nc6 (13... Na4 $142 $1 {this move gives Black chances to obtain a
better game:} 14. Nb3 Na6 $15 {with c5 next}) 14. Bc3 b5 15. axb6 Na4 16. b7 $1
Ra7 (16... Ra6 $142 $5 17. Bd4 Nxd4 18. Nxd4 Qb8 19. c4 Qxb7 20. cxd5 exd5 {
[%csl Ge6][%cal Ga6e6]} 21. Qb3 Qb4 $1 $15) 17. Bd4 Nxd4 18. Nxd4 Bb4 $11 {
1/2-1/2 (51) Rybarczyk,K (2130)-Wittje,B Germany 1998} (18... Qb8 19. c4 Qxb7
20. cxd5 exd5 21. e6 $1 $132)) 11... Nc5 12. N2b3 Nbd7 (12... Na4 $142 $1 {
right away gives Black good play as it forces White's B to a more passive
square and gives Black flexibility in development:} 13. Bc1 c5 14. Nb5 Nc6 {
The knight is simply more active here than on d7.} 15. h4 (15. Bf4 {maybe
Levon was bothered by this possibility and that's why he delayed it?!?} Bd7 $17
16. c4 (16. Nd6 f6 $1) 16... Nb4 {and Black has nothing worry about.}) 15... f6
$1 16. exf6 Bxf6 17. Rb1 Na7 $1 $17 {this tactical possibility only underlines
the benefit of playing Na4 right away.}) 13. Bc3 Ra6 14. h4 Na4 15. Bd2 c5 16.
Nb5 f6 {similar is not the same!} 17. exf6 Bxf6 18. Rb1 {no Na7 tactic here,
but Black still has a healthy position after} Ne5 19. Qe2 c4 $5 {1-0 (35)
Rapport,R (2649)-Gajewski,G (2646) Dresden GER 2016 a complex game ensues with
chances for both sides.}) 8... c5 9. Re1 Nc6 10. h4 $146 {This is technically
the novelty in this game. Sergey may have come up with it over the board in
fear of facing preparation in the mainline.} (10. e5 Nd7 (10... Ne8 $5 11. Nf1
f6 {is worth exploring}) 11. Nf1 b5 12. h4 {transposes to standard lines of
KIA vs. Classical French. Here's an example on how play might develop, from
Sergey's game as Black:} b4 13. Bf4 bxa3 14. bxa3 Ba6 15. Ne3 Rb8 16. c4 dxc4
17. Nxc4 (17. dxc4 Nb6 18. Nd2 Nd4 {It is always a good sign when a knight is
drawn away from Black's kingside.}) 17... Nb6 18. Nd6 (18. Qc2 Nd5 $1 $146 (
18... Nd4 $6 19. Nxd4 Qxd4 (19... cxd4 20. Nd6 $15) 20. Be3 $1 Qd7 21. Nd6 $14
{1-0 (49) Skoberne,J (2544)-Kraemer,M (2570) Austria AUT 2016}) 19. Bg5 (19.
Bd2 Rb3 $36) 19... Rb3 20. Rab1 (20. Bxe7 Qxe7 21. Rab1 Rfb8) (20. Nd6 f6)
20... Bxg5 21. hxg5 (21. Nxg5 Nd4 22. Qd2 h6 23. Ne4 Bxc4 24. dxc4 Nc3 $1 $17)
21... Qb8 $1 {with nice pressure on the q-side and centre.}) 18... Nd5 $1 {
a nice pawn sac for piece activity, and to deprive White of the chance of
using his N on d6 in the near future.} 19. Qxa4 Rb6 (19... Nxf4 20. gxf4 Rb6
$44) 20. Rac1 Nxf4 21. Qxf4 Nxe5 22. Nxe5 Bxd6 23. Qe3 Rb3 24. a4 Qc7 25. Nc4
Be7 (25... Rc8 $5 {preparing the Be7-f6 manoeuvre:} 26. Red1 (26. Nxd6 Qxd6 $15
) 26... Be7 27. Ne5 Bf6 $15) 26. Ne5 Bd6 (26... Bf6 $2 27. Rxc5) 27. Nc4 Be7
28. Ne5 {1/2-1/2 (28) Svidler,P (2756)-Karjakin,S (2772) Loo 2014. This shows
that Sergey is well aware of his opponent's ideas and that Black is at least
OK in the mainlines.}) 10... dxe4 11. Nxe4 (11. dxe4 $6 {the resulting pawn
structure & position are favourable for Black:} e5 $1 {[%csl Gb7,Rc4,Rg4][%cal
Gb7b5,Gb5c4,Gc8g4,Gf6g4]} 12. Nc4 Qc7 13. Ne3 (13. c3 {[%csl Rb3]} Be6 14. Qe2
h6 $15) 13... Nd4 $15) 11... Nxe4 12. Rxe4 (12. dxe4 {will once again be met
with} e5 $1) 12... b5 $1 {Levon goes ahead with the standard q-side expansion
as there is no immediate danger along the a8-h1 diagonal Levon goes ahead with
the standard q-side expansion as there is no immediate danger along the a8-h1
diagonal} 13. Ng5 Ra6 14. Qh5 $6 {too ambitious} ({In the post-mortem, both
players agreed that an objectively better move is} 14. Re1 {which should be
roughly equal. This is correct, and I believe Black's play is even easier:} h6
15. Ne4 Bb7 16. Bf4 (16. Be3 Qb6 $1 (16... Nd4 17. Nxc5 $1 $13)) 16... Rb6 $36
{with an eventual b5-b4}) 14... h6 15. Nf3 ({Originally Sergey was planning} 
15. Rg4 {and after} Ne5 {Sergey was intending to reply with} 16. Re4 {but
Aronian pointed out} Nd7 $1 $19 {with jolly grin :-)}) 15... f5 16. Re1 Bd7 (
16... Bf6 $1 {"is an easy move to make" (Aronian), but he didn't see the need
to play it as he thinks Black is just as fine after Bd7. The key thing to see
is that by placing the B right away on f6, White's pieces are restricted and
his Q will be in trouble soon!} 17. Rb1 Bd7 18. Nh2 (18. Bf4 $4 Be8 $19) 18...
Be8 19. Qd1 e5 $15 {with a nice bind and space advantage.}) 17. Ne5 Nxe5 18.
Rxe5 Bd6 19. Re1 {with the N traded off, it's easy to see that White can
breathe more freely} Qf6 20. Rb1 (20. c3 b4 $1 $36 21. Bd2 bxa3 22. bxa3 Rb8 {
and according to Levon, "Black has a wonderful position..."}) 20... f4 $6 {
logically opening up lines to exploit White's discoordinated pieces, but White
has enough resources to defend. It "spoiled the game" according to Levon as it
only leads to mass simplification of the position.} ({The straightforward
approach can give Black an edge:} 20... b4 21. Bd2 (21. f4 Rb8 $15) 21... Rb8
22. Qe2 Rab6 {taking over the b-file and the queenside.}) (20... e5 $5 {
may have also given Black better chances to obtain an edge.}) 21. Bxf4 Bxf4 22.
gxf4 Qxf4 23. Qxc5 Rf5 (23... Qxh4 24. Re4 Qf6 25. Rg4 $11 (25. Re2)) 24. Qe3
Qxh4 25. Qg3 {Now according to Levon it's important to have e5 under control.}
Qh5 ({The other queen retreat is not so convincing:} 25... Qf6 26. Qb8+ Kh7 27.
Be4 Bc6 28. Bxf5+ exf5 29. Kf1 {which Levon thought was not so clear. In fact,
Black has to be careful as White can get his king safe by running to d2} Bf3
30. Qf4 $1 Bh5 31. f3 Rc6 32. c3 g5 33. Qe3 $14 {and Black's compensation is
still in question.}) 26. Qc7 Qf7 (26... Qh4 27. Qg3 Qh5 28. Qc7) 27. Qb7 Rd6 ({
An attempt to fight on with} 27... Rg5 {can only lead to trouble for Black
after} 28. f4 $1 {so Levon didn't see any sense in going for this} (28. Kf1 $5)
(28. Re5 $5) 28... Rxg2+ 29. Qxg2 e5 30. f5 Bxf5 31. Re3 $13 {It's difficult
to clearly assess this during the game, but it's clear that Black doesn't
achieve anything special here.}) 28. Qb8+ Qf8 29. Qxf8+ Kxf8 30. Re3 Bc6 31.
Rbe1 {And in this equal ending, the players decided to split the point.}
1/2-1/2

[Event "Qatar Masters op"]
[Site "Doha"]
[Date "2015.12.27"]
[Round "7"]
[White "Sjugirov, Sanan"]
[Black "Jakovenko, Dmitrij"]
[Result "1-0"]
[WhiteElo "2646"]
[BlackElo "2737"]
[Annotator "Sagar Shah/CB Website"]
[PlyCount "69"]
[EventDate "2015.12.20"]
[EventType "swiss"]
[EventRounds "9"]
[EventCountry "QAT"]
[SourceTitle "CBM 170"]
[Source "ChessBase"]
[SourceDate "2016.01.15"]
[SourceVersion "1"]
[SourceVersionDate "2016.01.15"]
[SourceQuality "1"]

1. Nf3 d5 2. g3 Bg4 3. Bg2 c6 4. O-O e6 5. h3 Bh5 6. d3 {Just six moves into
the game and we already have a position that has been played only once before.}
Nd7 7. e4 Bd6 8. exd5 cxd5 9. c4 Ne7 {On f6 the knight can be pushed away with
g4-g5 and hence Black prefers to develop it to e7.} 10. Nc3 O-O 11. cxd5 exd5
12. g4 Bg6 13. Nh4 Nb6 14. Bg5 $1 Qd7 (14... f6 15. Nxg6 Nxg6 16. Be3 $14) 15.
a4 $1 Rae8 16. a5 Na8 17. Nxg6 Nxg6 18. Qa4 (18. Nxd5 Nc7 $44 {gives Black
fine compensation for the pawn.}) 18... Qe6 19. Bd2 Qe5 20. f4 Bc5+ 21. Kh1 Qb8
22. Nxd5 Bd6 23. Qd4 Rd8 24. Bc3 f6 25. g5 $1 {Black's position is falling
apart.} Ne7 26. gxf6 Nf5 27. Qc4 Rf7 28. fxg7 Rc8 29. Nf6+ Kxg7 30. Nd7+ Kg8
31. Nxb8 Rxc4 32. dxc4 Ng3+ 33. Kg1 Ne2+ 34. Kh2 Nxf4 35. Kh1 {Black is a rook
down and completely lost - he decided to throw in the towel. This was perhaps
the most accurate game played by Sanan Sjugirov in his entire career so far.
Every move he made was almost the top choice of the engine. It just shows how
strong this young lad really is.} 1-0

[Event "London Classic op"]
[Site "London"]
[Date "2009.12.12"]
[Round "6"]
[White "Hennigan, Michael"]
[Black "Berzinsh, Roland"]
[Result "0-1"]
[WhiteElo "2385"]
[BlackElo "2424"]
[Annotator "Saunders,J"]
[PlyCount "66"]
[EventDate "2009.12.08"]
[EventType "swiss"]
[EventRounds "9"]
[EventCountry "ENG"]
[SourceTitle "CBM 133 Extra"]
[Source "ChessBase"]
[SourceDate "2010.01.05"]
[SourceVersion "1"]
[SourceVersionDate "2010.01.05"]
[SourceQuality "1"]

{Former British Champion Michael Hennigan succumbed to some original play by
the Polish IM Roland Berzinsh.} 1. Nf3 Nf6 2. g3 g6 3. Bg2 Bg7 4. O-O O-O 5. d3
d5 6. Nbd2 Nc6 7. c4 d4 8. a3 a5 9. b3 Nd7 10. Rb1 Nc5 11. Ne1 e5 12. Nc2 f5
13. b4 axb4 14. axb4 Na4 15. Bb2 e4 16. Nb3 Nxb2 17. Rxb2 Kh8 18. Rb1 exd3 19.
exd3 f4 20. Nc5 Ra7 21. Ra1 Rxa1 22. Qxa1 f3 23. Bh1 {#} Nxb4 $1 {A bolt from
the blue and the beginning of an extraordinary concept.} 24. Nxb4 Qe7 $1 25.
Qa7 {The only good way to defend the c5 knight. But now the queen finds itself
out of play on the wrong side of the board.} b6 26. Nca6 Bh3 $1 {Having lured
the queen and knights to the queenside, Black strikes at the kingside.} 27. Rb1
(27. Qxc7 Qe2 28. Ra1 Re8 {would force White to give the piece back with} 29.
Nc2 Qxc2 {and his position would then be hopeless.}) 27... Re8 28. Nc2 Qe2 29.
Nab4 {#Now Black finds a very precise move.} h5 $1 30. Qa1 {White thinks his
queen has arrived back in time to join the defence but it is already too late.#
} Qxf2+ $3 31. Kxf2 Re2+ 32. Kxf3 (32. Kg1 f2#) 32... Bg4+ {Revealing the
point of 29...h5, which was to support this check.} 33. Kf4 Bh6# {An exquisite
finish.} 0-1